... за 2025 год (Запись № 13707268)

Подробности
000 -МАРКЕР
контрольное поле 01548nam2a2200241 4500
001 - ИДЕНТИФИКАТОР ЗАПИСИ
контрольное поле RU\NLR\BIBL_A\022806929
005 - ИДЕНТИФИКАТОР ВЕРСИИ
контрольное поле 20260617104858.0
010 ## - МЕЖДУНАРОДНЫЙ СТАНДАРТНЫЙ НОМЕР КНИГИ (ISBN)
Номер (ISBN) 978-5-93299-661-4
Тираж 500
035 ## - ДРУГИЕ СИСТЕМНЫЕ НОМЕРА
Идентификатор записи (NLR Aleph) 022806929
100 ## - ДАННЫЕ ОБЩЕЙ ОБРАБОТКИ
Данные общей обработки 20260514d2026 u||y0rusy50 ca
101 0# - ЯЗЫК РЕСУРСА
Язык текста, звукозаписи и т.д. русский
102 ## - СТРАНА ПУБЛИКАЦИИ ИЛИ ПРОИЗВОДСТВА
Страна публикации Российская Федерация
105 ## - ПОЛЕ КОДИРОВАННЫХ ДАННЫХ: ТЕКСТОВЫЕ МАТЕРИАЛЫ, МОНОГРАФИЧЕСКИЕ
Кодированные данные о монографическом текстовом документе ||||g||||||||
200 0# - ЗАГЛАВИЕ И СВЕДЕНИЯ ОБ ОТВЕТСТВЕННОСТИ
Основное заглавие ... за 2025 год
Первые сведения об ответственности П. А. Фоменко, Е. В. Богатырева, И. И. Рассохина
Последующие сведения об ответственности ... [Северо-Западный НИИ молочного и лугопастбищного хозяйства имеи А. С. Емельянова - обособленное подразделение ФГБУН ВолНЦ РАН]
210 ## - ПУБЛИКАЦИЯ, РАСПРОСТРАНЕНИЕ И ДР.
Дата издания, распространения и т.д. 2026
215 ## - ФИЗИЧЕСКАЯ ХАРАКТЕРИСТИКА
Специфическое обозначение материала и объем 37 с.
Другие сведения о физической характеристике ил., табл.
461 #0 - УРОВЕНЬ НАБОРА
Встроенное поле 001RU\NLR\BIBL_A\012095403
-- 2001#$aХимический состав и питательность кормов Вологодской области ...$e[ежегодное справочное издание]$fИ. В. Гусаров, П. А. Фоменко, Е. В. Богатырева$gФедеральное государственное бюджетное учреждение науки "Вологодский научный центр Российской академии наук"$v... за 2025 год
-- 700#1$aГусаров$bИ. В.$gИгорь Владимирович
701 #1 - ИМЯ ЛИЦА - АЛЬТЕРНАТИВНАЯ ОТВЕТСТВЕННОСТЬ
Начальный элемент ввода Рассохина
Часть имени, кроме начального элемента ввода И. И.
Расширение инициалов личного имени Ирина Игоревна
942 ## - ДОПОЛНИТЕЛЬНЫЕ ЭЛЕМЕНТЫ ЗАПИСИ (АБИС)
Тип экземпляра АБИС Книга
980 ## - КОЛЛЕКЦИЯ
Название коллекции Национальная библиография

Нет доступных экземпляров.